Overwatch Ultimates Quiz - Statistics

General Stats
  • This quiz has been taken 9 times
    3 since last reset
  • The average score is 18 of 53
Answer Stats
Hero Name Ultimate Name % Correct
Ashe B.O.B
100%
Ana Nano Boost
100%
Pharah Barrage
67%
Mei Blizzard
67%
Mauga Cage Fight
67%
Illari Captive Sun
67%
Cassidy Deadeye
67%
Reaper Death Blossom
67%
Genji Dragonblade
67%
Sombra E.M.P
67%
Kiriko Kitsune Rush
67%
Wrecking Ball Minefield
67%
Sojourn Overclock
67%
Tracer Pulse Bomb
67%
D.Va Self Destruct
67%
Lifeweaver Tree of Life
67%
Freja Bola Shot
33%
Jetpack Cat Catnapper
33%
Moira Coalescence
33%
Bastion Configuration: Artillery
33%
Hazard Downpour
33%
Hanzo Dragonstrike
33%
Echo Duplicate
33%
Reinhardt Earthshatter
33%
Sigma Gravitic Flux
33%
Doomfist Meteor Strike
33%
Torbjorn Molten Core
33%
Juno Orbital Ray
33%
Winston Primal Rage
33%
Brigitte Rally
33%
Junker Queen Rampage
33%
Junkrat Rip-Tire
33%
Lucio Sound Barrier
33%
Venture Tectonic Shock
33%
Zenyatta Transcendence
33%
Mercy Valkyrie
33%
Roadhog Whole Hog
33%
Baptiste Amplification Matrix
0%
Ramattra Annihilation
0%
D.Va Call Mech
0%
Zarya Graviton Surge
0%
Widowmaker Infra Sight
0%
Mizuki Kekkai Sanctuary
0%
Emre Override Protocol
0%
Domina Panopticon
0%
Symettra Photon Barrier
0%
Vendetta Sundering Blade
0%
Soldier: 76 Tactical Visor
0%
Orisa Terra Surge
0%
Wuyang Tidal Blast
0%
Sierra Trailblazer
0%
Anran Vermillion Ascent
0%
Anran Vermillion Revival
0%
No matching quizzes found
Score Distribution
Percent of People with Each Score
Percentile by Number Answered
Your Score History
You have not taken this quiz since the last reset